Score 0/26 Timer 03:00
0 Plays Today
Title Without Vowels Full Title % Correct
TP GNTop Gun
99%
TH MTRXThe Matrix
96.9%
TH SHNNGThe Shining
96.2%
BRVHRTBraveheart
96.1%
TX DRVRTaxi Driver
95.4%
JWSJaws
95.3%
D HRDDie Hard
94.3%
TH SCL NTWRKThe Social Network
94%
TH GDFTHRThe Godfather
92.3%
GDFLLSGoodfellas
92.1%
CTZN KNCitizen Kane
91.8%
FNDNG NMFinding Nemo
87.6%
GLDTRGladiator
84.5%
Title Without Vowels Full Title % Correct
SM LK T HTSome Like it Hot
82.6%
TH QNThe Queen
78.3%
TTNCTitanic
73.9%
HM LNHome Alone
73%
MNCHMunich
71.2%
GNDHGandhi
69.3%
NCPTNInception
69.2%
CHCGChicago
68.2%
PLTNPlatoon
64.3%
SPRMNSuperman
59.8%
NN HLLAnnie Hall
33.7%
SBSCTSeabiscuit
30.8%
NTRSNotorious
11.5%
Remove Ads.
Support Sporcle.
Get the best of Sporcle when you Go Orange. This ad-free experience offers more features, more stats, and more fun while also helping to support Sporcle. Thank you for becoming a member.

You're not logged in!

Compare scores with friends on all Sporcle quizzes.
OR
Log In

Sporcle TV

Today on Sporcle TV


Watch our educational content, quiz creation guides, and fun videos on Sporcle TV.

Show Comments

Extras

Top Quizzes Today


Score Distribution

Paid Content

Your Account Isn't Verified!

In order to create a playlist on Sporcle, you need to verify the email address you used during registration. Go to your Sporcle Settings to finish the process.

Report this User

Report this user for behavior that violates our Community Guidelines.

Details: